Vulnerabilidad sísmica de los sistemas electromecánicos
Gespeichert in:
| 1. Verfasser: | |
|---|---|
| Weitere Verfasser: | |
| Format: | Buch |
| Veröffentlicht: |
San José, Costa Rica
1992
|
| Schlagworte: | |
| Tags: |
Tag hinzufügen
Keine Tags, Fügen Sie den ersten Tag hinzu!
|
MARC
| LEADER | 00000nam a2200000Ia 4500 | ||
|---|---|---|---|
| 003 | 005509 | ||
| 005 | 20221231144320.0 | ||
| 008 | 140114s1992 cr a m 000 ||s d | ||
| 040 | |c cru CEDI | ||
| 090 | |a TFG 2636 | ||
| 100 | |a Torres Calzada, Luis Eduardo |9 12299 | ||
| 245 | |a Vulnerabilidad sísmica de los sistemas electromecánicos | ||
| 260 | |c 1992 |a San José, Costa Rica | ||
| 300 | |a x, 128, [82] hojas : ilustraciones ; 27 cm. | ||
| 500 | |a Tesis (licenciatura en ingeniería mecanica)--Universidad de Costa Rica. Facultad de Ingeniería. Escuela de Ingeniería Mecánica | ||
| 650 | |x CONSTRUCCIONES ANTISISMICAS |x INGENIERIA MECANICA - INVESTIGACIONES |9 12301 | ||
| 700 | |9 12300 |a Villalobos Carvajal, José Enoc | ||
| 942 | |c TFG | ||
| 999 | |c 20035 |d 20035 | ||
